MARC

LEADER 00000nam0a2200000 4500
001 358005
005 20231102011041.0
035 |a (RuTPU)RU\TPU\retro\15273 
090 |a 358005 
100 |a 20200812d1973 km y0rusy50 ca 
101 0 |a rus 
102 |a RU 
105 |a a z 000zb 
200 1 |a Феликс Мендельсон-Бартольди 1809-1847  |e краткий очерк жизни и творчества  |e популярная монография  |f Е. Мейлих 
210 |a Ленинград  |c Музыка  |d 1973 
215 |a 104 с.  |c ил. 
600 1 |a Мендельсон-Бартольди  |b Ф.  |c немецкий композитор  |f 1809-1847  |g Феликс  |c дирижер  |c органист  |c музыкальный деятель  |2 stltpush  |3 (RuTPU)RU\TPU\pers\7469 
606 1 |a Композиторы  |2 stltpush  |3 (RuTPU)RU\TPU\subj\15032  |9 41330 
610 1 |a музыка 
610 1 |a музыкальная деятельность 
610 1 |a музыкальные деятели 
610 1 |a музыкальное творчество 
610 1 |a немецкая музыка 
610 1 |a 19 век 
610 1 |a история 
610 1 |a персоналии 
675 |a 78.071.1  |v 4 
700 1 |a Мейлих  |b Е.  |g Евгений Иосифович 
801 1 |a RU  |b 63413507  |c 20200812 
801 2 |a RU  |b 63413507  |c 20210331  |g RCR 
942 |c BK